[Event "Open13 2007/2008"]
[Site "CDJE13"]
[Date "2007.10.27"]
[Round "2"]
[White "Girard, Jean-Pierre"]
[Black "Battaglia, Gerard"]
[Result "1-0"]
[WhiteElo "1992"]
[BlackElo "1806"]
[PlyCount "89"]

1. e4 e5 2. Nf3 d6 3. d4 exd4 4. Nxd4 g6 5. Be3 Bg7 6. Nc3 Nf6 7. f3 O-O 8. Qd2
Re8 9. O-O-O Nc6 10. h4 h5 11. Kb1 a6 12. Be2 Ne5 13. Bg5 Qd7 14. Bxf6 Bxf6 15.
Nd5 Bg7 16. g4 c5 17. Nb3 Qd8 18. gxh5 gxh5 19. Rdg1 Ng6 20. Rg5 Be6 21. Rhg1
Bxd5 22. Qxd5 Qf6 23. c3 Re5 24. Rxe5 Nxe5 25. Qxb7 Rd8 26. Rg5 Qf4 27. Qe7 Rc8
28. Qxd6 Rc6 29. Qd8+ Kh7 30. Rxh5+ Bh6 31. Qd5 Rg6 32. Qxe5 Rg1+ 33. Kc2 Qe3
34. Rxh6+ Qxh6 35. Qxc5 Rg2 36. Kd3 Qxh4 37. Nd4 Qe1 38. Qh5+ Kg8 39. b3 Qb1+
40. Kc4 Qxa2 41. f4 a5 42. Qh3 Rg6 43. Qd7 Qb1 44. Bd3 Qh1 45. Qe8+ 1-0

[Event "Open13 2007/2008"]
[Site "CDJE13"]
[Date "2007.10.27"]
[Round "2"]
[White "Crapon, Laurent"]
[Black "Nakache, Jonathan"]
[Result "0-1"]
[WhiteElo "1810"]
[BlackElo "1940"]
[PlyCount "104"]

1. d4 Nf6 2. Nf3 g6 3. c4 Bg7 4. Nc3 O-O 5. Bf4 d6 6. Qd2 Re8 7. g3 Nbd7 8. Bg2
c6 9. O-O Qa5 10. Ne4 Qc7 11. Nxf6+ Bxf6 12. Rac1 e5 13. dxe5 dxe5 14. Bg5 Bg7
15. Rfd1 Nc5 16. Qd6 Qxd6 17. Rxd6 e4 18. Nd4 Be5 19. Nb5 cxb5 20. Rd5 Nd7 21.
cxb5 Nb6 22. Rd2 Bf5 23. b3 f6 24. Be3 Red8 25. Rdc2 Nd5 26. Bc5 e3 27. Rc4
exf2+ 28. Bxf2 Be6 29. Rc5 b6 30. Bxd5 Bxd5 31. R5c2 Be6 32. e4 Rac8 33. Rc6
Bd7 34. Rxc8 Rxc8 35. Rxc8+ Bxc8 36. Kg2 Bd7 37. a4 Bd6 38. Be1 Be6 39. b4 Bb3
40. a5 Bc4 41. axb6 axb6 42. Bf2 Bxb5 43. Bxb6 Bxb4 44. Kf3 Kf7 45. Bd4 Bd6 46.
h3 Ke6 47. Bc3 Be5 48. Bb4 Ba4 49. Be1 Bd4 50. Kf4 g5+ 51. Kf3 Bd1+ 52. Kg2 Ke5
0-1

[Event "Open13 2007/2008"]
[Site "CDJE13"]
[Date "2007.10.27"]
[Round "2"]
[White "Montanelli, Tristan"]
[Black "Milesi, Laurent"]
[Result "0-1"]
[WhiteElo "1800"]
[BlackElo "2153"]
[PlyCount "40"]

1. e4 b6 2. d4 Bb7 3. Nc3 e6 4. Nf3 Bb4 5. Bd3 Nf6 6. Qe2 d5 7. exd5 Nxd5 8.
Bd2 Nxc3 9. bxc3 Be7 10. h4 $6 (10. Bb5+ c6 11. Bd3 Nd7 12. O-O O-O 13. Bf4 $14
) (10. Qe5 O-O (10... Bxf3 11. gxf3 Bf6 12. Qg3 $14) 11. Qh5 g6 12. Qh3 $14) (
10. O-O O-O 11. c4 Nd7 $14) 10... h6 11. Rh3 $11 (11. Ne5 Nc6 12. Be4 Nxd4 13.
Qh5 O-O 14. Bxb7 Nxc2+ 15. Ke2 Nxa1 16. Rxa1 Rb8 17. Bf3 Qd6 $11) 11... Nd7 12.
Rg3 Bf6 13. Kf1 Qe7 14. Re1 O-O-O 15. Be4 c6 16. Bd3 Bxh4 $11 17. Rxg7 Bg5 18.
c4 $2 (18. Nxg5 hxg5 19. Qf3 $14) 18... Qf6 19. Rxg5 $4 (19. Rh7 Rxh7 20. Bxh7
$17) 19... hxg5 $19 20. Kg1 Qh6 0-1

[Event "Open13 2007/2008"]
[Site "CDJE13"]
[Date "2007.10.27"]
[Round "2"]
[White "Pieri, Thierry"]
[Black "Reymond, Jean-Francois"]
[Result "1-0"]
[WhiteElo "1926"]
[BlackElo "1690"]
[PlyCount "107"]

1. d4 d5 2. Bg5 Nd7 3. Nf3 Ngf6 4. e3 a6 5. c4 c6 6. Nc3 e6 7. cxd5 exd5 8. Bd3
Bd6 9. Qc2 Qb6 10. O-O h6 11. Bh4 Nh5 12. a3 Ndf6 13. b4 Qc7 14. Na4 Bg4 15.
Ne5 O-O (15... Bxe5 16. dxe5 Qxe5 17. f3 Be6 18. Nc5 O-O 19. Nxb7 Qxe3+ 20. Bf2
Qg5 $14) 16. f3 $14 Be6 $6 (16... Bxe5 17. dxe5 Qxe5 18. Rae1 (18. fxg4 Nxg4
19. g3 g5 20. Rae1 Qg7 $11) 18... Be6 19. g4 g5 20. f4 Qc7 21. fxg5 Nxg4 22.
gxh6 Nxh6 23. Nc5 $16) (16... Bc8 17. g4 g5 18. Be1 Ng7 19. Bc3 $14) 17. g4
Bxe5 (17... g5 18. Bf2 Ng7 19. Nc5 $16) 18. dxe5 Qxe5 19. gxh5 Qxe3+ 20. Kg2 $6
(20. Bf2 Qg5+ 21. Kh1 Rfe8 22. Nc5 $16) 20... Nxh5 $1 21. Rae1 $4 (21. Bg3 Nf4+
22. Bxf4 Qxf4 23. Nc5 $14) 21... Qd4 $4 (21... Nf4+ 22. Kh1 Qxd3 23. Qxd3 Nxd3
$19 {avec 3P de plus pour les Noirs !!}) (21... Qxd3 22. Qxd3 Nf4+ 23. Kh1 Nxd3
$19 {idem}) 22. Bg3 $16 Nf4+ 23. Bxf4 Qxf4 24. Nc5 $1 {enfin !} Qg5+ $2 (24...
Bc8 $14) 25. Kh1 Bh3 $2 (25... Bc8 26. Rg1 Qf6 27. Rg3 b6 28. Nb3 Kh8 29. Reg1
Rg8 $16) 26. Rg1 $18 Qf4 27. Rg3 Be6 28. Reg1 g5 29. Bh7+ Kh8 30. Bg6 Rg8 31.
Qb2+ d4 32. Be4 Rad8 33. Nxb7 Rd7 34. Bxc6 Rc7 35. Be4 Rc4 36. Nc5 Bc8 37. Nd3
Qc7 38. f4 g4 39. Ne5 Rc3 40. Qd2 Rxg3 41. Rxg3 f5 42. Bd5 Rg7 43. Qxd4 Kh7 44.
Rc3 Qd8 45. Qc5 Bb7 46. Rd3 Bxd5+ 47. Qxd5 Qh4 48. Rg3 Rc7 49. Nc6 Qf6 50. Nd4
Rc1+ 51. Rg1 Rxg1+ 52. Kxg1 Kg6 53. Qe6 h5 54. a4 1-0

[Event "Open13 2007/2008"]
[Site "?"]
[Date "2007.11.08"]
[Round "2"]
[White "Alard, Francis"]
[Black "Thiers, Jean-Jacques"]
[Result "0-1"]
[WhiteElo "1690"]
[BlackElo "1870"]
[PlyCount "106"]
[EventDate "2007.??.??"]

{C95: Closed Ruy Lopez: Breyer Variation with 10 d4} 1. e4 e5 2. Nf3 Nc6 3. Bb5
a6 4. Ba4 Nf6 5. O-O Be7 6. Re1 b5 7. Bb3 O-O 8. c3 d6 9. h3 Nb8 10. d4 Nbd7
11. Nbd2 Bb7 12. Bc2 Re8 13. Nf1 {dernier coup de la bibliothèque} h6 14. Ng3
Bf8 15. dxe5 Nxe5 16. Nxe5 dxe5 17. Be3 c5 18. f3 {Couvre g4} Qc7 19. Qe2 c4 {
Les Noirs gagnent de l'espace} 20. Red1 Bc5 21. Bxc5 Qxc5+ 22. Kh2 g6 {
Consolide f5+h5} (22... Rad8 23. Rxd8 Rxd8 24. Rd1 $15) 23. Rd2 Rad8 24. Rad1
Qb6 25. Nf1 Bc8 26. Qe3 Qxe3 27. Nxe3 Rxd2 28. Rxd2 Kf8 29. Kg1 Ke7 30. Nd5+ (
30. b3 $5 Be6 31. bxc4 bxc4 32. Bd1 $11) 30... Nxd5 $15 31. Rxd5 Rd8 32. Rxd8 (
32. Rxe5+ $2 {ne marche pas a cause de} Be6 33. b4 Rd2 $19) 32... Kxd8 33. h4
Ke7 34. Kf2 Kd6 35. Ke3 Kc5 36. b4+ cxb3 37. axb3 (37. Bxb3 f5 $11) 37... a5
$15 {les noirs ont l'intention de pousser b4} 38. g3 b4 39. c4 a4 (39... Be6
40. f4 a4 41. bxa4 Bxc4 42. Bd3 $15) 40. bxa4 $11 Ba6 (40... Kxc4 $142 41. Bd3+
Kc5 $15) 41. Kd2 (41. Bb3 $142 $11 {et les Blancs respirent un peu}) 41... Bxc4
$19 42. Bd1 Kd4 43. Kc2 f5 44. exf5 gxf5 45. Kb2 $4 {les Blancs ont craqué.} (
45. g4 $142 fxg4 46. fxg4 $19) 45... e4 $19 46. fxe4 fxe4 47. g4 (47. a5 {
n'est pas d'une grande aide} e3 $19) 47... e3 48. g5 (48. a5 {
ne gagne pas un prix} e2 49. Bxe2 Bxe2 $19) 48... hxg5 49. hxg5 (49. h5 e2 50.
Bxe2 Bxe2 51. h6 $19) 49... e2 50. Bxe2 Bxe2 51. Kb3 Kc5 52. g6 Bc4+ 53. Kb2
Kb6 (53... Kb6 54. g7 Bg8 55. Ka1 Ka5 56. Kb2 Kxa4 57. Kb1 Kb3 58. Kc1 Kc3 59.
Kd1 b3 60. Kc1 b2+ 61. Kd1 Kd3 62. Ke1 Ke3 63. Kf1 Bd5 64. Kg1 b1=Q+ 65. Kh2
Kf4 66. g8=Q Qh1#) (53... b3 $5 {semble meme mieux} 54. Ka3 Bg8 55. a5 $19) 0-1

[Event "Open13 2007/2008"]
[Site "CDJE13"]
[Date "2007.11.17"]
[Round "3"]
[White "Colandrea, Sauveur"]
[Black "Kolb, Sebastien"]
[Result "1/2-1/2"]
[WhiteElo "1907"]
[BlackElo "2176"]
[PlyCount "57"]

1. Nf3 Nf6 2. g3 g6 3. Bg2 Bg7 4. O-O d6 5. d4 O-O 6. c4 Nbd7 7. Nc3 e5 8. dxe5
dxe5 9. h3 h6 10. Be3 Kh7 11. Qd2 c6 12. Qd6 Ne8 13. Qa3 f5 14. Rfd1 Qf6 15.
Rd2 Rf7 16. Rad1 Bf8 17. Qb3 f4 $2 (17... Qe6 18. Rc2 (18. Na4 Nd6 19. Rc2 Ne4
$11) 18... Nef6 19. Rdc1 $14) 18. Ne4 $1 $18 Qg7 19. gxf4 exf4 20. Bd4 Ndf6 21.
Ne5 Re7 22. Ng4 $2 {jusque là, les Blancs avaient su tirer profit au maximum
du 17ème coup noir. Mais, en voulant mettre une pression supplémentaire sur le
Nf6 cloué, ils laissent passer le gain de la partie. Le mieux est l'ennemi du
bien ...} (22. Nxf6+ Nxf6 23. Nxc6 $1 {
il n'y a pas que la Qg7 a être mal placée, les deux tours noires aussi !} (23.
Qc3 Re6 24. Ng4 Be7 25. Qf3 $18) 23... bxc6 24. Bxc6 Bb7 25. Bxb7 Rxb7 (25...
Rb8 26. Qc3 $18) 26. Bxf6 Rxb3 (26... Qf7 27. Qxb7 Qxb7 28. Rd7+ Qxd7 29. Rxd7+
$18) 27. Bxg7 Rxh3 28. Bxf8 Rxf8 29. Rd7+ $18) 22... Bxg4 23. hxg4 Qf7 $16 24.
Nxf6+ Nxf6 25. Bc5 Re6 $14 26. Bxf8 Rxf8 27. Qh3 g5 28. Qd3+ Qg6 29. Qb3
1/2-1/2

[Event "Open13 2007/2008"]
[Site "CDJE13"]
[Date "2007.11.17"]
[Round "3"]
[White "Pleynet, Olivier"]
[Black "Larribere, Hadrien"]
[Result "1/2-1/2"]
[WhiteElo "1918"]
[BlackElo "1872"]
[PlyCount "92"]

1. e4 c5 2. Nc3 Nc6 3. f4 d6 4. Bc4 e6 5. Nf3 a6 6. a4 g6 7. O-O Bg7 8. Qe1
Nge7 9. d3 O-O 10. Qh4 Nd4 11. Nxd4 Bxd4+ 12. Kh1 Nc6 13. Qg3 Ne7 14. Ne2 Bg7
15. Ba2 Bd7 16. Bb3 d5 17. Nc3 Bc6 18. f5 exf5 19. exf5 Nxf5 20. Rxf5 gxf5 21.
Bf4 Qf6 22. Nxd5 Bxd5 23. Bxd5 Rad8 24. Bb3 Qg6 25. Qf3 Rd7 26. Rf1 Re8 27. Bd5
Ree7 28. b3 Qg4 29. h3 Qxf3 30. Bxf3 Be5 31. Bh5 Bxf4 32. Rxf4 Re5 33. Kh2 b5
34. axb5 axb5 35. b4 Rd4 36. Rxd4 cxd4 37. Kg3 h6 38. Kf4 f6 39. Bg6 Kg7 40.
Bh5 Kf8 41. g3 Ke7 42. Bg6 Ke6 43. Be8 Kd6 (43... Re2 {
il faut activer la tour pour gagner} 44. Kf3 (44. Bxb5 Rf2#) 44... Rxc2 45.
Bxb5 Rh2 46. Bc4+ Kd6 47. h4 Rb2 48. b5 Kc5 {zugzwang !} 49. g4 fxg4+ 50. Kxg4
Rxb5 51. Kf5 (51. Bxb5 Kxb5 52. Kf5 Kb4 $19 {gagne}) 51... Rb1 52. Kg6 Rg1+ 53.
Kxf6 Rh1 54. Kg6 Rxh4 $19 {gagne}) (43... Re1 44. Kf3 Rf1+ 45. Ke2 Rb1 46. Bxb5
Rxb4 47. Bc4+ Ke5 48. Kf3 Rb1 49. Bb3 Re1 50. Kf2 Re3 $19) 44. Bh5 Ke6 (44...
Re1 45. Kxf5 Ke7 $19) 45. Be8 Rd5 (45... Re1 $19) (45... Re2 $19) 46. Bc6 Re5 {
Les Blancs peuvent répeter la position pour la 3ème fois en jouant 47.Be8.
Nulle.} 1/2-1/2

[Event "Open13 2007/2008"]
[Site "CDJE13"]
[Date "2007.11.17"]
[Round "3"]
[White "Nakache, Jonathan"]
[Black "Cortes, Antoine"]
[Result "0-1"]
[WhiteElo "1940"]
[BlackElo "2151"]
[PlyCount "88"]

1. e4 d6 2. d4 Nf6 3. Nc3 g6 4. f4 Bg7 5. Nf3 O-O 6. Be2 c5 7. O-O cxd4 8. Nxd4
Nc6 9. Nf3 Bd7 10. h3 Rc8 11. Be3 b5 12. Bxb5 Qa5 13. Qe2 Rb8 14. a4 a6 15.
Rfb1 Nxe4 16. Nxe4 axb5 17. Bd2 Qb6+ 18. Be3 Qb7 19. Nc3 bxa4 20. Nxa4 Qb5 21.
Qd1 Qf5 22. c3 Qe4 23. Kf2 Na5 24. Nb6 Nc4 25. Nxc4 Qxc4 26. Qd2 Bf5 27. Re1
Rb7 28. Nd4 Rfb8 29. b4 e5 30. Nxf5 gxf5 31. Ra3 d5 32. Rd1 d4 33. cxd4 Rxb4
34. Rc3 Qd5 35. dxe5 Rb2 36. Rc2 Qa2 $16 37. Rdc1 Bf8 38. Bd4 Rxc2 39. Rxc2 Qa4
40. Qd3 Rd8 41. Rc4 $18 Qa2+ 42. Kg1 Qa6 43. Rc3 $4 (43. Qc3 $18) 43... Qxd3 $1
44. Rxd3 Rxd4 (44... Rxd4 45. Rxd4 Bc5 $19 {gagne une pièce et la partie}) 0-1

[Event "Open13 2007/2008"]
[Site "CDJE13"]
[Date "2007.11.17"]
[Round "3"]
[White "Brot, Fabrice"]
[Black "Anton, Jose"]
[Result "0-1"]
[WhiteElo "1710"]
[BlackElo "2004"]
[PlyCount "80"]

1. f4 d5 2. b3 e6 3. Bb2 Nf6 4. Nf3 c5 5. e3 Nc6 6. Bb5 Bd7 7. Bxc6 Bxc6 8. Ne5
Bb5 9. d3 Bd6 10. Qf3 O-O 11. O-O Nd7 12. Qg3 f6 13. Nf3 a5 14. Qh3 Qe7 15. g4
e5 16. Nh4 Bc7 17. f5 Rfe8 18. c4 dxc4 19. dxc4 Bc6 20. Nc3 e4 $1 $19 21. Rfd1
Ne5 22. Nd5 Bxd5 23. Rxd5 a4 24. Rb1 axb3 25. axb3 Nd3 26. Ng2 Ra2 27. Bc3 Rea8
28. g5 fxg5 $4 (28... Rc2 29. gxf6 gxf6 30. Qg4+ Kf8 31. Be1 (31. Ba1 Raa2 $19)
31... Raa2 $19) 29. Qg4 $4 (29. f6 Nf2 (29... Qf7 30. Rf1 g6 31. Rd7 $18) 30.
Qf5 Qf7 31. Rb2 $1 $18) 29... Rc2 $6 (29... Nf2 30. Qh5 (30. f6 Bxh2+ 31. Kf1
Qxf6 32. Qxg5 Qxc3 33. Rd7 Rf8 $19) 30... R8a6 $19) 30. Ba1 $4 (30. f6 gxf6 31.
Rd7 Ne5 32. Bxe5 Rxg2+ 33. Kxg2 Qxe5 34. Qh5 Ra2+ 35. Kg1 Qxh2+ 36. Qxh2 Bxh2+
$11) 30... Raa2 $1 31. Rf1 Rxg2+ (31... h5 $1 $19) 32. Qxg2 $19 Rxg2+ 33. Kxg2
Be5 34. Bxe5 Nxe5 35. Rfd1 Nd3 36. Kg3 h5 37. Rg1 Qc7+ 38. Kh3 Nf2+ 39. Kg2 Ng4
40. Rh1 Nxe3+ 0-1

[Event "Open13 2007/2008"]
[Site "CDJE13"]
[Date "2007.11.17"]
[Round "3"]
[White "Milesi, Laurent"]
[Black "Girard, Jean-Pierre"]
[Result "1-0"]
[WhiteElo "2153"]
[BlackElo "1992"]
[PlyCount "77"]

1. b3 d5 2. Bb2 Nf6 3. e3 g6 4. f4 Bg7 5. Nf3 Bg4 6. h3 Bxf3 7. Qxf3 a5 8. Nc3
O-O 9. Be2 c6 10. d3 Na6 11. g4 b5 12. g5 Nd7 13. d4 e6 14. h4 Nc7 15. h5 Re8
16. Qh3 Nf8 17. Nd1 b4 18. Nf2 c5 19. Ng4 c4 20. hxg6 fxg6 21. bxc4 a4 22. c5
a3 23. Bc1 e5 24. dxe5 Nce6 25. Bb5 Qc7 26. Bxe8 Rxe8 27. Qf1 Qxc5 28. Qd3 Rc8
29. Bd2 d4 30. Rb1 Qd5 31. O-O Qd7 32. Nf2 h6 33. gxh6 Bxh6 34. Rxb4 Qe7 35.
Kg2 dxe3 36. Qxe3 Rxc2 37. Rh1 Bxf4 38. Rxf4 Rxd2 39. Rxf8+ 1-0

[Event "Open13 2007/2008"]
[Site "CDJE13"]
[Date "2007.11.17"]
[Round "3"]
[White "Busson, Benoist"]
[Black "Pierrugues, Laurent"]
[Result "1-0"]
[WhiteElo "2046"]
[BlackElo "1860"]
[PlyCount "23"]

1. e4 e6 2. d4 d5 3. Be3 dxe4 4. Nd2 Nf6 5. f3 Nc6 6. Bb5 Bd7 7. c3 Nd5 8. Qe2
Bd6 9. fxe4 Nxe3 10. Qxe3 e5 11. Ngf3 Qe7 12. d5 {A ce moment, le portable du
conducteur des Noirs sonne ! La règle veut que l'arbitre impose la perte de la
partie au joueur fautif. Dura lex, sed lex.} 1-0

[Event "Open13 2007/2008"]
[Site "CDJE13"]
[Date "2007.11.17"]
[Round "3"]
[White "Chauvet, Jean-Marc"]
[Black "Israel, Daniel"]
[Result "1/2-1/2"]
[WhiteElo "2004"]
[BlackElo "1760"]
[PlyCount "84"]

1. e4 c6 2. d4 d5 3. e5 Bf5 4. Nc3 e6 5. g4 Bg6 6. h4 h6 7. h5 (7. Nge2 c5 8.
Be3 Qb6 9. f4 Nc6 10. f5 Bh7 (10... exf5 11. Nxd5 Qa5+ 12. Bd2 Qd8 13. Nef4 $11
) 11. Qd2 O-O-O 12. O-O-O $14) 7... Bh7 8. Bd3 Bxd3 9. Qxd3 Bb4 10. Nge2 $14
Nd7 11. Be3 Ne7 12. f4 Qc7 13. a3 Bxc3+ 14. Nxc3 a6 15. a4 $6 (15. O-O-O O-O-O
16. Na4 (16. Rhg1 Nb6 17. b3 Kb8 18. f5 c5 $14) 16... f5 (16... Kb8 17. Qc3 Nb6
18. Nxb6 Qxb6 19. Bd2 $16) 17. exf6 gxf6 18. Rde1 $16) 15... c5 $11 16. dxc5
Nxc5 17. Qd4 Rc8 18. O-O Nd7 19. Rf2 Nc6 20. Qd2 $15 Nb6 21. b3 $6 (21. Ne2 Nc4
22. Qc3 $15) 21... Nd7 $6 (21... d4 $5 22. Bxd4 Nxd4 23. Ne4 (23. Qxd4 $4 Qxc3
$19) 23... Rd8 24. Nd6+ Rxd6 25. exd6 Qc5 26. b4 Qd5 {menaçant ...Nf3+} 27. Qe3
Nc4 28. Qd3 O-O 29. c3 (29. Rd1 $4 Nb2 $19) 29... Nc6 $17) 22. Ne2 Ke7 $6 (
22... O-O 23. Nd4 Nxd4 24. Bxd4 $11) 23. b4 $14 Rhd8 24. b5 Ncb8 25. Nd4 $6 (
25. f5 $1 Nxe5 (25... Qxc2 $4 26. Qb4+ Ke8 (26... Nc5 27. Rc1 $18) 27. fxe6
Nxe5 28. e7 Rd7 29. Rc1 Qxc1+ 30. Nxc1 $18) 26. fxe6 fxe6 27. Raf1 axb5 28. Nd4
$1 Qc4 29. Bf4 Nbc6 30. Bxe5 Nxe5 31. Re1 Rf8 32. Rxe5 Rxf2 33. Rxe6+ Kf7 34.
Qxf2+ Kg8 35. Rg6 $18) 25... Qc3 $16 26. Qc1 Nc5 27. Ra3 (27. f5 $16 {toujours}
) 27... Qc4 $14 28. bxa6 bxa6 29. Rf1 $6 $15 ({Devinez quoi ?} 29. f5 Ne4 30.
fxe6 fxe6 (30... Nxf2 31. Bxf2 Nc6 32. Qf4 Rf8 33. Nf5+ Kxe6 34. Nxg7+ Kd7 35.
Qf6 Nxe5 36. Qxe5 Qxg4+ 37. Kh2 Qe4 38. Qg3 $16) 31. Rg2 Nd7 32. g5 Nxe5 33.
Rb3 Rb8 34. gxh6 gxh6 35. Qa1 Rxb3 36. cxb3 Qd3 37. Qc1 Rc8 38. Qxc8 Qxe3+ 39.
Kh2 Qf4+ 40. Kh1 Qf1+ 41. Kh2 Qf4+ $11) 29... Ne4 (29... Nc6 $15) 30. Rb3 $11
Nd7 31. Qa3+ Ke8 32. Rb4 Qc3 33. Rb3 Qc4 34. Rd1 (34. f5 $5 Nxe5 35. fxe6 Rc7
36. exf7+ Rxf7 37. Rxf7 Kxf7 38. Rb7+ Rd7 39. Rxd7+ Nxd7 40. Nf5 Qc3 $11) 34...
Rb8 (34... Ndc5 35. Rb4 Qc3 $15) 35. Rdb1 $11 Rxb3 36. Qxb3 Rb8 37. Qxc4 Rxb1+
38. Qf1 Rxf1+ 39. Kxf1 Ndc5 40. a5 Kd7 41. Ke2 Na4 42. Bc1 Nac3+ 1/2-1/2

[Event "Open13 2007/2008"]
[Site "CDJE13"]
[Date "2007.11.17"]
[Round "3"]
[White "Gomez, Guy"]
[Black "Pieri, Thierry"]
[Result "0-1"]
[WhiteElo "1650"]
[BlackElo "1926"]
[PlyCount "92"]

1. e4 d6 2. d4 Nf6 3. Nc3 g6 4. Bc4 Bg7 5. Nf3 O-O 6. O-O Nxe4 7. Nxe4 d5 8. c3
dxc4 9. Bf4 Be6 10. Re1 Nd7 11. Qe2 Re8 12. Nfg5 Bd5 13. Nd2 b5 14. Ndf3 h6 15.
Nh3 a5 16. Ne5 Ra6 17. Qd2 Kh7 18. Re3 Nf8 19. Bxh6 $4 Bxh6 20. Ng5+ Kg7 $2 (
20... Bxg5 21. Rh3+ Kg8 22. Qxg5 f6 $1 {
voilà pourquoi le K noir doit être en g8 plutôt qu'en g7} 23. Qh6 (23. Qf4 fxe5
24. dxe5 (24. Qxe5 Rf6 $19) 24... Qd7 25. Rh6 $19) 23... fxe5 24. dxe5 Qd7 $19
{les Blancs n'ont plus rien}) 21. Rh3 Bxg5 $2 (21... Qc8 22. Ne6+ Kf6 $1 (22...
fxe6 23. Qxh6+ Kf6 24. Qf4+ Kg7 25. Qf7#) (22... Bxe6 23. Qxh6+ Kf6 24. Qh8+
Kf5 25. Re1 Bd5 26. Nd3 f6 27. Re5+ fxe5 28. Qxe5+ Kg4 29. Qf4#) (22... Qxe6
23. Qxh6+ Kf6 24. Qh8+ Kf5 25. g4+ Kf4 26. Qh4 Qxe5 27. Qg3+ Kg5 28. Qxe5+ f5
29. f4+ Kxg4 30. Rg3+ Kh4 31. Qh8+ Nh7 32. Qxh7#) 23. Nf4 Kg7 24. Qe3 $14 {
évidemment, c'est plus facile à dire avec Fritz !}) 22. Qxg5 $16 Nd7 23. Qh6+
$6 (23. Ng4 $1 Rh8 (23... Bc6 $4 24. Qh6+ Kg8 25. Qh8#) 24. Rxh8 Qxh8 25. Qxd5
Nf6 26. Nxf6 Rxf6 27. Qxb5 $18) 23... Kf6 $11 24. Rf3+ $4 (24. Qf4+ Kg7 25.
Qh6+ Kf6 26. Qf4+ $11) 24... Bxf3 $19 25. Qf4+ Ke6 $4 (25... Kg7 26. Qxf7+ Kh6
27. Qf4+ g5 28. Nf7+ Kg7 29. Qxf3 (29. Qf5 Rf6 $19) 29... Qa8 30. Qf5 e6 $19)
26. Qxf7+ $18 Kd6 27. Qxg6+ Nf6 28. Nf7+ Kd7 29. Nxd8 (29. Qf5+ e6 30. Qxb5+
Bc6 31. Qxa6 Qa8 32. Ne5+ Kd6 33. Qxc4 $18) 29... Kxd8 $16 {les Noirs s'en
sortent plutôt bien avec R+B+N contre Q+2P. Mais les Blancs conservent
l'avantage} 30. Qf5 Bd5 31. Re1 Rg8 32. f3 Rd6 33. Re5 c6 34. Kf2 $6 (34. Qf4
Nd7 35. Rg5 $14) 34... Nd7 (34... Ng4+ $1 35. fxg4 Rf6 36. Kg3 Rxf5 37. Rxf5
$17) 35. Re2 Rdg6 $11 {petit à petit, les Noirs ont replacé leurs pièces de
façon plus active et obtiennent du contre-jeu} 36. Kf1 {(=)} Rf6 37. Qh7 Re8
38. h4 Nf8 39. Qg7 Ne6 40. Qg3 (40. Qh7 $11 {
gêne plus les Blancs pour l'occupation de la colonne g}) 40... Nf4 41. Rd2 $2 {
les Blancs se condamnent à la passivité} (41. Re5 $11 {garde la R blanche
active, permet de soutenir le Ph5 ou de lutter sur la colonne g}) 41... Rg8 $17
42. Qh2 Kd7 43. Ke1 Re6+ 44. Kd1 Nd3 45. Re2 Rxe2 46. Kxe2 Rxg2+ (46... Rxg2+
47. Qxg2 Nf4+ 48. Kf2 Nxg2 49. Kxg2 Ke6 50. Kg3 Kf5 $19) 0-1

[Event "Open13 2007/2008"]
[Site "CDJE13"]
[Date "2007.11.17"]
[Round "3"]
[White "Baquer, Marc"]
[Black "Estevez, Ange"]
[Result "1-0"]
[WhiteElo "1890"]
[BlackElo "1632"]
[PlyCount "109"]

1. d4 d5 2. Bg5 Bf5 3. e3 h6 4. Bh4 Nf6 5. Bxf6 exf6 6. c4 c6 7. cxd5 Qxd5 8.
Nc3 Bb4 9. Qd2 Bxc3 10. Qxc3 O-O 11. Ne2 Qd6 12. Ng3 Bg6 13. Bc4 Nd7 14. O-O
Rfe8 15. f4 f5 16. Rae1 Nf6 17. Qc2 Ne4 18. Nxe4 Rxe4 19. Bd3 Re7 20. Bxf5 Bxf5
21. Qxf5 Rae8 22. Rf3 Qb4 23. Re2 Qc4 24. Rc2 Qxa2 25. Kf2 Qb3 26. Re2 Qb4 27.
Rg3 Re6 28. Qh5 Qb5 29. Qxb5 cxb5 30. d5 Rd6 31. e4 f5 32. Rd3 fxe4 33. Rd4 Kf7
34. Ke3 Kf6 35. Red2 Kf5 36. h3 h5 37. g4+ hxg4 38. hxg4+ Kxg4 39. Rg2+ Kf5 40.
Rxg7 Red8 41. Rg5+ Kf6 42. Kxe4 a5 43. Rf5+ Kg6 44. Re5 Kf7 45. f5 b4 46. Re6
Kf8 47. Rxd6 Rxd6 48. Ke5 Rh6 49. d6 Ke8 50. d7+ Kd8 51. f6 Rh1 52. f7 Re1+ 53.
Re4 Rf1 54. Rf4 Re1+ 55. Kf6 1-0

[Event "Open13 2007/2008"]
[Site "CDJE13"]
[Date "2007.11.17"]
[Round "3"]
[White "Catalayud, Stephane"]
[Black "Thiers, Jean-Jacques"]
[Result "1-0"]
[WhiteElo "1620"]
[BlackElo "1870"]
[PlyCount "63"]

1. e4 e5 2. f4 exf4 3. Nf3 d6 4. d4 g5 5. h4 f6 (5... g4 6. Ng1 Bh6 (6... f5 7.
Nc3 Nf6 8. Bxf4 fxe4 9. d5 Bg7 $15) 7. Nc3 c6 8. Nge2 Qf6 9. g3 fxg3 10. Nxg3
Bxc1 11. Rxc1 $17) 6. hxg5 fxg5 7. Bc4 h6 8. Nc3 Bg7 9. e5 Bg4 10. Qe2 dxe5 11.
dxe5 Nc6 12. Bb5 Nge7 13. Bd2 O-O 14. Bc4+ Kh8 15. O-O-O Nd4 16. Qe4 Bxf3 17.
gxf3 Nef5 18. Rdg1 Qe7 19. Re1 c6 20. Ne2 Nxe2+ 21. Qxe2 Ng3 22. Rxh6+ Bxh6 23.
Qh2 Nf5 24. Bc3 Rae8 25. Rd1 b5 26. e6+ Rf6 27. Rd7 Qf8 28. Rf7 bxc4 29. Rxf8+
Rexf8 30. e7 Nxe7 31. Qxh6+ Kg8 32. Bxf6 1-0

[Event "Open13 2007/2008"]
[Site "CDJE13"]
[Date "2007.11.17"]
[Round "3"]
[White "Battaglia, Gerard"]
[Black "Crapon, Laurent"]
[Result "1-0"]
[WhiteElo "1806"]
[BlackElo "1810"]
[PlyCount "127"]

1. d4 d5 2. c4 e6 3. Nf3 Nf6 4. Bg5 c5 5. e3 Nc6 6. Nc3 dxc4 7. Bxc4 cxd4 8.
exd4 Be7 9. O-O O-O 10. Qd2 Nb4 11. Rfe1 Nbd5 12. Bxd5 Nxd5 13. Bxe7 Nxe7 14.
Rac1 Bd7 15. Ne5 Bc6 16. Re3 Rc8 17. Rd1 Nd5 18. Rg3 Qf6 19. Ng4 Qh4 20. f3 f5
21. Rh3 Qe7 22. Ne5 Nxc3 23. bxc3 Bd5 24. f4 Rc7 25. Rc1 Rfc8 26. Qb2 Qd6 27.
Qe2 g6 28. Qd2 Qa6 29. Rc2 Be4 30. Rc1 Qa5 31. Qb2 Bd5 32. a3 Bc4 33. g4 Qd5
34. Kf2 Qe4 35. Qd2 fxg4 36. Nxg4 Rf8 37. Kg3 Be2 38. Qe3 Qxe3+ 39. Nxe3 Rfc8
40. Kf2 {(=)} Bc4 41. Ng4 Rf8 42. Ke3 Bd5 43. Rg3 Kg7 44. Ne5 b5 45. h4 Rf5 46.
Rg5 Rxg5 47. hxg5 a5 48. Kd2 h6 49. gxh6+ Kxh6 50. Rg1 Be4 51. Rg3 Kg7 52. Re3
Bf5 53. Nd3 Kf6 54. Nc5 Rc6 55. Nd7+ Kg7 56. Nc5 Rb6 57. Nb3 b4 58. cxb4 axb4
59. axb4 Rxb4 60. Kc3 Rb8 61. Nc5 Rc8 62. Kb4 Rb8+ {(=)} 63. Kc4 Kf6 $4 64.
Nd7+ 1-0

[Event "Open13 2007/2008"]
[Site "CDJE13"]
[Date "2007.11.17"]
[Round "3"]
[White "Parroco, Pierre-Jean"]
[Black "Montanelli, Tristan"]
[Result "1-0"]
[WhiteElo "1765"]
[BlackElo "1800"]
[PlyCount "77"]

1. e4 c5 2. Nc3 g6 3. g3 Bg7 4. Bg2 Nc6 5. d3 Nf6 6. h3 O-O 7. Be3 Qb6 8. Rb1
d6 9. a3 Qa5 10. Nge2 e5 11. O-O Nd4 12. f4 h6 13. fxe5 dxe5 14. Qd2 g5 15. Rf2
Be6 16. Rbf1 Qd8 17. g4 Bxg4 $2 18. hxg4 Nxg4 19. Rf3 (19. Nd5 Nxf2 20. Rxf2
$18) 19... Nxf3+ 20. Bxf3 Nxe3 21. Qxe3 Rc8 22. Nd5 Qd7 23. Ng3 Kh7 24. Nf5 Rc6
25. Bg4 Qd8 26. Nfe7 Rd6 27. c4 Re8 28. Nf5 Rc6 29. Qf3 f6 30. Nxg7 Kxg7 31.
Rf2 Rf8 32. Bf5 Qe8 33. Rh2 Rh8 34. Bg4 Rd6 35. Bh5 Qg8 36. Qf5 Qh7 37. Qh3 Qg8
38. Ne3 Kf8 39. Qc8+ (39. Qc8+ Kg7 40. Nf5+ Kh7 41. Qxb7+ Rd7 42. Qxd7+ Qg7 43.
Qxg7#) 1-0

[Event "Open13 2007/2008"]
[Site "CDJE13"]
[Date "2007.11.17"]
[Round "3"]
[White "Reymond, Jean-Francois"]
[Black "Alard, Francis"]
[Result "1-0"]
[WhiteElo "1690"]
[BlackElo "1690"]
[PlyCount "57"]

1. e4 c5 2. f4 d6 3. c3 Nf6 4. d3 e6 5. Be2 Be7 6. Nf3 Nbd7 7. O-O O-O 8. c4 b6
9. Nc3 Bb7 10. e5 dxe5 11. Nxe5 Nxe5 12. fxe5 Qd4+ 13. Kh1 Qxe5 14. Nb5 Qb8 15.
Bf3 Bxf3 16. Qxf3 Qd8 17. Bf4 Qd7 18. Rad1 a6 19. Nc3 Rac8 20. Be5 Qc6 21. Qg3
Ne8 22. Ne4 f6 23. Bc3 e5 24. Qh3 Nc7 25. Ng3 Qe8 26. Nf5 Rf7 27. Qg4 Bf8 28.
Nh6+ Kh8 29. Nxf7+ 1-0